000
00314 a2200157 4500
001
163694
020
_a
040
_c
Magnum
100
_a
Bernardino, Adriana
240
1
0
_a
A caixa de pandora
_l
por
245
1
0
_a
A caixa de pandora
362
0
_a
1899
440
1
_a
FTD
697
_a
IJ/FICCAO
942
_c
BK
999
_c
163694
_d
163694